[Event "Maikop Adygea op"]
[Site "Maikop"]
[Date "2023.02.04"]
[Round "9"]
[White "Nosik, Valery"]
[Black "Udovichenko, Nikolai"]
[Result "0-1"]
[WhiteElo "1446"]
[BlackElo "2076"]
[PlyCount "84"]
[EventDate "2023.01.28"]
[EventType "swiss"]
[EventRounds "9"]
[EventCountry "RUS"]
[SourceTitle "CBM 213 Extra"]
[Source "ChessBase"]
[SourceDate "2023.05.31"]
[SourceVersion "1"]
[SourceVersionDate "2023.05.31"]
[SourceQuality "1"]

1. Nf3 Nf6 2. Nc3 d5 3. d4 e6 4. Bg5 Be7 5. Bxf6 gxf6 6. e4 dxe4 7. Nxe4 f5 8. Ng3 c5 9. Qd2 cxd4 10. Qxd4 Bf6 11. Qxd8+ Kxd8 12. 0-0-0+ Kc7 13. Bc4 Nc6 14. c3 a6 15. a4 b6 16. Nh5 Be7 17. Nd4 Bb7 18. f3 Rhg8 19. Nxc6 Bxc6 20. a5 Rxg2 21. axb6+ Kxb6 22. Rdg1 Bxf3 23. Rxg2 Bxg2 24. Rg1 Bf3 25. Nf4 h6 26. Rg7 Bg5 27. Rxg5 hxg5 28. Nd3 Be2 29. Ne5 Bxc4 30. Nxc4+ Kc7 31. Ne5 f6 32. Nf3 Rh8 33. Kd2 Rh3 34. Ke2 g4 35. Nd4 Rxh2+ 36. Ke3 Kd6 37. b4 f4+ 38. Ke4 f5+ 39. Kd3 g3 40. c4 g2 41. c5+ Kd5 42. Nf3 Rh3 0-1

[Event "Maikop Adygea op"]
[Site "Maikop"]
[Date "2023.01.31"]
[Round "5"]
[White "Zavgorodniy, Nikolay"]
[Black "Nosik, Valery"]
[Result "1-0"]
[WhiteElo "1575"]
[BlackElo "1446"]
[PlyCount "59"]
[EventDate "2023.01.28"]
[EventType "swiss"]
[EventRounds "9"]
[EventCountry "RUS"]
[SourceTitle "CBM 213 Extra"]
[Source "ChessBase"]
[SourceDate "2023.05.31"]
[SourceVersion "1"]
[SourceVersionDate "2023.05.31"]
[SourceQuality "1"]

1. e4 e5 2. Nf3 Nc6 3. d4 exd4 4. Nxd4 Nf6 5. Nxc6 bxc6 6. Nc3 Bb4 7. Bd3 0-0 8. 0-0 h6 9. e5 Nd5 10. Nxd5 cxd5 11. Qg4 Qe7 12. Bxh6 Qxe5 13. Bxg7 Qxg7 14. Qxb4 d6 15. f4 Bh3 16. Qd2 Rab8 17. Rf3 Bg4 18. Rg3 Rxb2 19. Re1 f5 20. h3 Qd4+ 21. Kh2 Kf7 22. hxg4 Rxa2 23. Qe3 Qxe3 24. Rgxe3 fxg4 25. Re7+ Kg8 26. Bh7+ Kh8 27. Rxc7 a5 28. Ree7 Rb8 29. Bf5 Rab2 30. Be6 1-0

[Event "Maikop Adygea op"]
[Site "Maikop"]
[Date "2023.01.29"]
[Round "1"]
[White "Nosik, Valery"]
[Black "Arefyev, Vadim"]
[Result "0-1"]
[WhiteElo "1446"]
[BlackElo "2030"]
[PlyCount "82"]
[EventDate "2023.01.28"]
[EventType "swiss"]
[EventRounds "9"]
[EventCountry "RUS"]
[SourceTitle "CBM 213 Extra"]
[Source "ChessBase"]
[SourceDate "2023.05.31"]
[SourceVersion "1"]
[SourceVersionDate "2023.05.31"]
[SourceQuality "1"]

1. e4 c5 2. Nf3 a6 3. b3 e6 4. Bb2 Nc6 5. d4 cxd4 6. Nxd4 Qf6 7. Be2 Bc5 8. c3 Nge7 9. 0-0 Ng6 10. Na3 Nf4 11. Nac2 0-0 12. Rb1 Qg6 13. Bf3 Ne5 14. Kh1 d5 15. exd5 Nxf3 16. Qxf3 e5 17. Ne3 exd4 18. cxd4 Bd6 19. g3 Nh3 20. Rfe1 Bd7 21. Rbd1 Rfe8 22. a3 Ng5 23. Qe2 Qe4+ 24. f3 Nxf3 25. Qd3 Nxe1+ 26. Qxe4 Rxe4 27. Rxe1 Rae8 28. Bc1 Bh3 29. Kg1 Bxa3 30. Bxa3 Rxe3 31. Rxe3 Rxe3 32. Kf2 Rxb3 33. Bc1 a5 34. Be3 a4 35. Kf3 a3 36. g4 Bxg4+ 37. Kxg4 Rxe3 38. d6 Kf8 39. Kf4 Re1 40. d7 Ke7 41. d8Q+ Kxd8 0-1

[Event "Maikop Dzhigunov Memrial 19th"]
[Site "Maikop"]
[Date "2021.09.15"]
[Round "5"]
[White "Kozlenko, Daniil"]
[Black "Nosik, Valery"]
[Result "0-1"]
[WhiteElo "1519"]
[BlackElo "1356"]
[PlyCount "74"]
[EventDate "2021.09.13"]
[EventType "swiss"]
[EventRounds "8"]
[EventCountry "RUS"]
[SourceTitle "EXT 2022"]
[Source "ChessBase"]
[SourceDate "2021.10.06"]
[SourceVersion "1"]
[SourceVersionDate "2021.10.06"]
[SourceQuality "1"]

1. e4 e5 2. d4 exd4 3. Qxd4 Nc6 4. Qe3 Bb4+ 5. c3 Ba5 6. Bc4 Ne5 7. Bb3 Nf6 8. h3 d6 9. f4 Bb6 10. Qe2 Ng6 11. Be3 0-0 12. Bxb6 axb6 13. Nd2 Nxf4 14. Qf3 Ng6 15. 0-0-0 Be6 16. c4 Ne5 17. Qe2 Nfd7 18. Ngf3 Qe7 19. Nd4 Nc5 20. N2f3 Ng6 21. Qe3 Bd7 22. Rhe1 Rfe8 23. Qd2 Nxe4 24. Qc2 c5 25. Ne2 Qf6 26. Rf1 Nf4 27. Nxf4 Qxf4+ 28. Nd2 Qg5 29. g4 Bc6 30. Kb1 Nxd2+ 31. Qxd2 Qxd2 32. Rxd2 Rad8 33. Bc2 d5 34. cxd5 Rxd5 35. Rdf2 Rde5 36. Rxf7 Re1+ 37. Bd1 Rxd1+ 0-1